Contabilidad práctica para el Siglo XX : (Registro nro. 13133)

Detalles MARC
000 -LEADER
fixed length control field 00760nam a22002417a 4500
001 - CONTROL NUMBER
control field 00532
003 - CONTROL NUMBER IDENTIFIER
control field DO-SdBNP
005 - DATE AND TIME OF LATEST TRANSACTION
control field 20171127134339.0
007 - PHYSICAL DESCRIPTION FIXED FIELD--GENERAL INFORMATION
fixed length control field 00532
008 - FIXED-LENGTH DATA ELEMENTS--GENERAL INFORMATION
fixed length control field 160613b 1974 xxu |||| 00| 0 spa d
040 ## - CATALOGING SOURCE
Original cataloging agency BPMSU
Language of cataloging spa
Transcribing agency BPMSU
092 ## - LOCALLY ASSIGNED DEWEY CALL NUMBER (OCLC)
Classification number xxxxxxxx
Item number xxxxxxxxx
245 ## - TITLE STATEMENT
Title Contabilidad práctica para el Siglo XX :
Remainder of title curso elemental /
Statement of responsibility, etc. traducción Antonio de la Luz
250 ## - EDITION STATEMENT
Edition statement 3a ed.
260 ## - PUBLICATION, DISTRIBUTION, ETC. (IMPRINT)
Place of publication, distribution, etc. Estados Unidos :
Name of publisher, distributor, etc. ,
Date of publication, distribution, etc. 1974
300 ## - PHYSICAL DESCRIPTION
Extent 492 p. :
Dimensions 24 cm.
500 ## - GENERAL NOTE
General note Una traducción y adaptación del libro 20th Century Bookkeeping & Accounting
700 1# - ADDED ENTRY--PERSONAL NAME
Personal name De la Luz, Antonio,
Relator term tr.
700 1# - ADDED ENTRY--PERSONAL NAME
Personal name Lledo, Marina,
Relator term tr.
942 ## - ADDED ENTRY ELEMENTS (KOHA)
Source of classification or shelving scheme Dewey Decimal Classification
Koha item type Libros
945 ## - LOCAL PROCESSING INFORMATION (OCLC)
a Inventariado extranjero / 2017 VM
956 ## - LOCAL ELECTRONIC LOCATION AND ACCESS (OCLC)
Host name VMATEO
Access number 10
Compression information 20171127
Path BPMSU
Access method 0069
Existencias
Withdrawn status Lost status Source of classification or shelving scheme Damaged status Not for loan Collection code Home library Current library Date acquired Source of acquisition Total Checkouts Barcode Date last seen Price effective from Koha item type
    Dewey Decimal Classification     Colección General Biblioteca Pública Metropolitana Salomé Ureña Biblioteca Pública Metropolitana Salomé Ureña 11/27/2017 FUNDI   BPMSU17110461 11/27/2017 11/27/2017 Libros